000
00293nam a22001337a 4500
008
170824b xxu||||| |||| 00| 0 eng d
020
_a
9780131492639
041
_a
eng
080
_2
4TH
_a
51
100
_a
38
101
_a
MAT
245
_a
INTRODUCTORY ALGEBRA
_c
BLITZER,R
942
_2
udc
_c
BK
999
_c
24827
_d
24827